[Event "Rheinland Pfalz op Seniors 16th"]
[Site "Neustadt an der Weinstrasse"]
[Date "2018.07.12"]
[Round "6"]
[White "Kelchner, Hans"]
[Black "Huettemann, Karl Heinz"]
[Result "1/2-1/2"]
[WhiteElo "2118"]
[BlackElo "2096"]
[PlyCount "29"]
[EventDate "2018.07.07"]
[EventType "swiss"]
[EventRounds "9"]
[EventCountry "GER"]
[SourceTitle "EXT 2019"]
[Source "ChessBase"]
[SourceDate "2018.10.10"]
[SourceVersion "1"]
[SourceVersionDate "2018.10.10"]
[SourceQuality "1"]

1. c4 Nf6 2. Nf3 e6 3. d4 d5 4. g3 c5 5. cxd5 exd5 6. Nc3 Nc6 7. Bg2 h6 8. h3 Be6 9. e3 c4 10. 0-0 Bd6 11. b3 Bb4 12. Bd2 Qa5 13. Qc2 b5 14. bxc4 bxc4 15. a3 1/2-1/2

[Event "Wuertemberg-ch Seniors 27th"]
[Site "Freudenstadt"]
[Date "2015.07.09"]
[Round "7"]
[White "Diaz Franco, Francisco Jorge"]
[Black "Kelchner, Hans"]
[Result "0-1"]
[WhiteElo "1994"]
[BlackElo "2176"]
[PlyCount "112"]
[EventDate "2015.07.03"]
[EventType "swiss"]
[EventRounds "9"]
[EventCountry "GER"]
[SourceTitle "EXT 2016"]
[Source "ChessBase"]
[SourceDate "2015.10.08"]
[SourceVersion "1"]
[SourceVersionDate "2015.10.08"]
[SourceQuality "1"]

1. d4 d5 2. c4 e6 3. Nc3 f5 4. g3 Nf6 5. Bg2 c6 6. cxd5 cxd5 7. Nf3 Nc6 8. 0-0 Bd6 9. Bg5 h6 10. Bf4 g5 11. Bxd6 Qxd6 12. e3 Bd7 13. Rc1 Rc8 14. Na4 b6 15. b3 0-0 16. Nb2 Be8 17. Nd3 Bh5 18. Nde5 Bxf3 19. Nxf3 Rc7 20. Qe2 Rfc8 21. Qb2 Ne4 22. a3 a5 23. Rc2 g4 24. Ne5 Nxe5 25. Rxc7 Qxc7 26. dxe5 Qc3 27. Qxc3 Rxc3 28. Bxe4 fxe4 29. Rb1 b5 30. Kf1 Kg7 31. Ke2 Rc2+ 32. Ke1 Kg6 33. Kf1 Kf5 34. Ke1 Kxe5 35. Kf1 Kd6 36. Kg2 e5 37. h3 h5 38. hxg4 hxg4 39. Rh1 d4 40. exd4 exd4 41. Rh6+ Kc5 42. Rh5+ Kb6 43. Rd5 d3 44. Rd4 e3 45. Rxd3 Rxf2+ 46. Kg1 Rf3 47. Kg2 Kc5 48. Rd1 e2 49. b4+ axb4 50. axb4+ Kxb4 51. Re1 Kc3 52. Rxe2 Rd3 53. Re4 Rd4 54. Re8 b4 55. Kf2 b3 56. Rc8+ Rc4 0-1

[Event "Wuertemberg-ch Seniors 27th"]
[Site "Freudenstadt"]
[Date "2015.07.06"]
[Round "4"]
[White "Kelchner, Hans"]
[Black "Schuetze, Manfred"]
[Result "1/2-1/2"]
[WhiteElo "2176"]
[BlackElo "1853"]
[PlyCount "89"]
[EventDate "2015.07.03"]
[EventType "swiss"]
[EventRounds "9"]
[EventCountry "GER"]
[SourceTitle "EXT 2016"]
[Source "ChessBase"]
[SourceDate "2015.10.08"]
[SourceVersion "1"]
[SourceVersionDate "2015.10.08"]
[SourceQuality "1"]

1. d4 Nf6 2. Bf4 e6 3. e3 b6 4. Nf3 Bb7 5. Nbd2 c5 6. c3 Be7 7. h3 0-0 8. Bd3 d5 9. Qb1 Nc6 10. Ne5 h6 11. Qd1 Nxe5 12. Bxe5 Bd6 13. Bxd6 Qxd6 14. 0-0 cxd4 15. exd4 a5 16. Qe2 Bc6 17. Nf3 Nd7 18. Rfe1 Rab8 19. a4 Rfd8 20. Bb5 Bxb5 21. Qxb5 Rdc8 22. Rac1 Qc6 23. Qxc6 Rxc6 24. Ra1 Rbc8 25. Kf1 f6 26. g4 Kf7 27. h4 g5 28. hxg5 hxg5 29. Ke2 Rh8 30. Rh1 Rcc8 31. Kd3 Kg7 32. b4 Rxh1 33. Rxh1 axb4 34. cxb4 e5 35. dxe5 Nxe5+ 36. Nxe5 fxe5 37. a5 bxa5 38. bxa5 Ra8 39. Ra1 Kf6 40. a6 Ke6 41. Kc3 Rc8+ 42. Kb4 d4 43. a7 Ra8 44. f3 e4 45. Kc4 1/2-1/2

[Event "Bad Wiessee Seniors op"]
[Site "Bad Wiessee"]
[Date "2012.04.29"]
[Round "9"]
[White "Kelchner, Hans"]
[Black "Roeder, Frank"]
[Result "0-1"]
[WhiteElo "2111"]
[BlackElo "2168"]
[PlyCount "102"]
[EventDate "2012.04.21"]
[EventType "swiss"]
[EventRounds "9"]
[EventCountry "GER"]
[SourceTitle "EXT 2015"]
[Source "ChessBase"]
[SourceDate "2014.11.20"]
[SourceVersion "1"]
[SourceVersionDate "2014.11.20"]
[SourceQuality "1"]

1. d4 d5 2. Bf4 Nf6 3. e3 c5 4. c3 Nc6 5. Nf3 Qb6 6. Qb3 c4 7. Qc2 Bf5 8. Qc1 e6 9. h3 Be7 10. Nbd2 0-0 11. Be2 Rfc8 12. 0-0 Qd8 13. Nh4 Be4 14. Nhf3 Bg6 15. Nh4 Be4 16. Nhf3 b5 17. Nxe4 Nxe4 18. Nd2 Nxd2 19. Qxd2 Bd6 20. Bxd6 Qxd6 21. f3 b4 22. e4 Rab8 23. exd5 Qxd5 24. f4 Ne7 25. cxb4 Nc6 26. a3 Qxd4+ 27. Qxd4 Nxd4 28. Kf2 a5 29. Rac1 Nxe2 30. Kxe2 axb4 31. axb4 Rxb4 32. Rc2 Rcb8 33. Kf3 Rb3+ 34. Rc3 Rxb2 35. Rxc4 R8b3+ 36. Ke4 f5+ 37. Ke5 Re3+ 38. Kd6 Rxg2 39. Ke7 h6 40. h4 Rh2 41. Rc8+ Kh7 42. Kf7 Rb2 43. Rc7 Rg2 44. Rd1 Rg6 45. h5 Rf6+ 46. Ke8 e5 47. Rf7 exf4+ 48. Kf8 Rxf7+ 49. Kxf7 Rg3 50. Rf1 f3 51. Rf2 Rh3 0-1

[Event "Bad Wiessee Seniors op"]
[Site "Bad Wiessee"]
[Date "2012.04.27"]
[Round "7"]
[White "Kelchner, Hans"]
[Black "Klundt, Klaus"]
[Result "1-0"]
[WhiteElo "2111"]
[BlackElo "2270"]
[PlyCount "53"]
[EventDate "2012.04.21"]
[EventType "swiss"]
[EventRounds "9"]
[EventCountry "GER"]
[SourceTitle "EXT 2015"]
[Source "ChessBase"]
[SourceDate "2014.11.20"]
[SourceVersion "1"]
[SourceVersionDate "2014.11.20"]
[SourceQuality "1"]

1. d4 Nf6 2. Nf3 d5 3. Bf4 c5 4. dxc5 e6 5. e3 Bxc5 6. Bd3 Nc6 7. c3 0-0 8. Nbd2 Qe7 9. Ne5 Nd7 10. Nxd7 Bxd7 11. Qc2 e5 12. Bg3 f5 13. 0-0-0 Rac8 14. Kb1 e4 15. Be2 Be6 16. Nb3 Bb6 17. Qd2 a5 18. Nd4 a4 19. Nxe6 Qxe6 20. Qxd5 Qxd5 21. Rxd5 a3 22. b3 Bc7 23. Bxc7 Rxc7 24. Rhd1 f4 25. Bc4 Kh8 26. exf4 g5 27. Rxg5 1-0

[Event "GER-ch Seniors 23rd"]
[Site "Halle"]
[Date "2011.08.07"]
[Round "3"]
[White "Postler, Reinhard"]
[Black "Kelchner, Hans"]
[Result "1-0"]
[WhiteElo "2352"]
[BlackElo "2199"]
[PlyCount "39"]
[EventDate "2011.08.05"]
[EventType "swiss"]
[EventRounds "9"]
[EventCountry "GER"]
[SourceTitle "CBM 144 Extra"]
[Source "ChessBase"]
[SourceDate "2011.10.28"]
[SourceVersion "1"]
[SourceVersionDate "2011.10.28"]
[SourceQuality "1"]

1. e4 e5 2. Nf3 Nc6 3. Bb5 a6 4. Ba4 d6 5. c3 Nf6 6. 0-0 Bd7 7. Re1 Be7 8. d4 b5 9. Bb3 Bg4 10. Be3 0-0 11. Nbd2 d5 12. dxe5 Nxe4 13. h3 Nxd2 14. Bxd2 Be6 15. Bc2 Na5 16. Nd4 Bd7 17. e6 fxe6 18. Qh5 h6 19. Bxh6 Bf6 20. Bxg7 1-0

[Event "Bayern-ch Seniors 23rd"]
[Site "Bergen"]
[Date "2011.06.03"]
[Round "7"]
[White "Hein, Manfred"]
[Black "Kelchner, Hans"]
[Result "1-0"]
[WhiteElo "1916"]
[BlackElo "2083"]
[PlyCount "115"]
[EventDate "2011.05.28"]
[EventType "swiss"]
[EventRounds "9"]
[EventCountry "GER"]
[SourceTitle "EXT 2012"]
[Source "ChessBase"]
[SourceDate "2011.11.24"]
[SourceVersion "1"]
[SourceVersionDate "2011.11.24"]
[SourceQuality "1"]

1. e4 e6 2. d4 d5 3. exd5 Qxd5 4. Nf3 Nc6 5. Be2 Nf6 6. 0-0 a6 7. c4 Qd8 8. a3 Be7 9. Nc3 0-0 10. h3 Re8 11. Re1 b6 12. Bd3 Bb7 13. Be3 Bf8 14. Qc2 g6 15. Rad1 Bg7 16. Be2 Ne7 17. Nh4 Qd7 18. Bf3 Qc8 19. Bxb7 Qxb7 20. Qd2 b5 21. c5 a5 22. Qd3 Rab8 23. b4 axb4 24. axb4 Nfd5 25. Nxd5 Nxd5 26. Qb3 Ra8 27. Ra1 Ra6 28. Ra5 Rea8 29. Rea1 Rxa5 30. bxa5 c6 31. Nf3 Ra6 32. Bd2 Bf6 33. Ra2 Bd8 34. Ne5 Bf6 35. Nf3 Qd7 36. Qd3 Nc7 37. Qe4 Nd5 38. Qd3 Qa7 39. Qb3 Kg7 40. Qb1 Bd8 41. Qa1 b4 42. Ne5 Qb7 43. Nc4 Qb5 44. Nb6 Bf6 45. Nxd5 exd5 46. Be3 Bd8 47. Bd2 Rxa5 48. Rxa5 Bxa5 49. Qc1 b3 50. Bh6+ Kf6 51. Qf4+ Ke6 52. Qd6+ Kf5 53. g4+ Ke4 54. Qf4+ Kd3 55. Qe3+ Kc4 56. Qc1+ Kb4 57. Bd2+ Ka4 58. Qa1# 1-0